000 00869nam a2200229Ii 4500
003 JO-AjNU
008 230605s9999||||xx |||||||||||||| ||und||
017 _a2006/7/1973
020 _a9957-16-278-0
040 _aJO-AjNU
_bara
_erda
_cJO-AjNU
041 _aara
050 1 4 _aK3165.T34.2008
100 3 _a الطهراوي ، هاني علي ,
_eauthor
_911668
245 0 0 _aالنظم السياسية والقانون الدستوري
250 _aط1
264 3 1 _aعمان : دار الثقافة ، 2008
300 _a415ص
_bيشتمل على مراجع ببلوغرافية ص ( 407 - 415 )
336 _atext
_btxt
_2rdacontent
337 _aunmediated
_bn
_2rdamedia
338 _avolume
_bnc
_2rdacarrier
650 4 _aدساتير الدول -- القانون الدستوري -- الأنظمة السياسية -- العلوم السياسية
_911669
999 _aA2444
_c6012
_d6012